Informácia o spolupráci SR s členskými štátmi EÚ pri spoločnom riešení dopadov finančnej a hospodárskej krízy
Rámec aktivít rezortov vlády SR. Postupy v reakcii na krízu finančných systémov. Opatrenia na podporu hospodárskeho rastu. Zameranie spolupráce s krajinami EÚ v nasledujúcom období.
Enregistré dans:
| Format: | Chapitre de livre |
|---|---|
| Langue: | slovaque |
| Sujets: | |
| Tags: |
Pas de tags, Soyez le premier à ajouter un tag!
|
MARC
| LEADER | 00000naa$a2200000$$$4500 | ||
|---|---|---|---|
| 001 | 0099136 | ||
| 005 | 20230927074612.4 | ||
| 041 | 0 | |a slo | |
| 044 | |a SK | ||
| 245 | 1 | 0 | |a Informácia o spolupráci SR s členskými štátmi EÚ pri spoločnom riešení dopadov finančnej a hospodárskej krízy |
| 520 | |a Rámec aktivít rezortov vlády SR. Postupy v reakcii na krízu finančných systémov. Opatrenia na podporu hospodárskeho rastu. Zameranie spolupráce s krajinami EÚ v nasledujúcom období. | ||
| 610 | 2 | 0 | |a kríza hospodárska |
| 610 | 2 | 0 | |a kríza finančná |
| 610 | 2 | 0 | |a spolupráca hospodárska medzinárodná |
| 610 | 2 | 0 | |a Európska únia |
| 610 | 2 | 0 | |a Slovensko |